00266nam a22001097a 4500020001800000082001500018100001900033245003700052260003800089300000800127650002100135 a9788171101825 a491.25 MAX aMax Muller, F. aA Sanskrit Grammar for Biginners aDelhibParimal Publicationsc2012 a407 aSanskrit Grammar